[Event "48th Hoogovens it"]
[Site "Wijk aan Zee NED"]
[Date "1986.01.19"]
[Round "3"]
[White "Ree, Hans"]
[Black "Short, Nigel David"]
[Result "0-1"]
[WhiteElo "2455"]
[BlackElo "2585"]
[EventDate "1986.01.17"]
[PlyCount "62"]

1. e4 e5 2. f4 d5 3. exd5 c6 4. dxc6 Nxc6 5. Bb5 exf4 6. Nf3 Bd6 7. d4 Nge7 8. O-O O-O 9. Na3 Bg4 10. Nc4 Bc7 11. c3 Nd5 12. Qd3 f6 13. Bxc6 bxc6 14. Bd2 Qd7 15. Rfe1 g5 16. b4 Rae8 17. Rxe8 Rxe8 18. Re1 Rxe1+ 19. Nxe1 Kg7 20. Na5 Bxa5 21. bxa5 Nc7 22. c4 Bf5 23. Qc3 Ne6 24. Nf3 Be4 25. d5 cxd5 26. Nd4 dxc4 27. Nxe6+ Qxe6 28. Qd4 a6 29. Bc3 Kg6 30. h3 Bd5 31. Kh2 Qe4 0-1

[Event "48th Hoogovens it"]
[Site "Wijk aan Zee NED"]
[Date "1986.01.19"]
[Round "3"]
[White "Van der Wiel, John"]
[Black "Hort, Vlastimil"]
[Result "1/2-1/2"]
[WhiteElo "2555"]
[BlackElo "2545"]
[EventDate "1986.01.17"]
[PlyCount "58"]

1. e4 c6 2. d4 d5 3. e5 Bf5 4. Nc3 Qd7 5. Be3 h6 6. h3 e6 7. g4 Bh7 8. f4 Bb4 9. Nge2 Ne7 10. a3 Bxc3+ 11. Nxc3 Qc7 12. Bd3 Nd7 13. Bxh7 Rxh7 14. Qd3 g6 15. Bf2 Rg7 16. O-O-O O-O-O 17. Rdf1 a6 18. Bh4 Re8 19. f5 gxf5 20. Bxe7 Rxe7 21. gxf5 Re8 22. Rhg1 Rxg1 23. Rxg1 c5 24. fxe6 fxe6 25. Qg6 Kd8 26. Qf7 cxd4 27. Rg8 Rxg8 28. Qxg8+ Ke7 29. Qh7+ Kd8 1/2-1/2

[Event "48th Hoogovens it"]
[Site "Wijk aan Zee NED"]
[Date "1986.01.24"]
[Round "6"]
[White "Hodgson, Julian Michael"]
[Black "Van der Wiel, John"]
[Result "1/2-1/2"]
[WhiteElo "2480"]
[BlackElo "2555"]
[EventDate "1986.01.17"]
[PlyCount "64"]

1. e4 c5 2. f4 g6 3. d4 d5 4. exd5 Qxd5 5. Nc3 Qxd4 6. Qf3 Nf6 7. Be3 Qb4 8. Bb5+ Nfd7 9. Nge2 Bg7 10. a3 Qa5 11. Bxc5 O-O 12. Bb4 Qd8 13. O-O-O a5 14. Bc5 Na6 15. Bf2 Nc7 16. Bxd7 Bxd7 17. Qxb7 Rb8 18. Qa7 Qc8 19. Bd4 Bc6 20. Bxg7 Kxg7 21. Rhg1 e6 22. Qxa5 Qb7 23. b3 Nd5 24. f5 Kg8 25. fxe6 fxe6 26. Qc5 Nxc3 27. Nxc3 Bxg2 28. Qe3 Qc6 29. Kb2 Rbc8 30. Rd3 Bf1 31. Rxf1 Rxf1 32. a4 Rf7 1/2-1/2

[Event "48th Hoogovens it"]
[Site "Wijk aan Zee NED"]
[Date "1986.01.24"]
[Round "6"]
[White "Hubner, Robert"]
[Black "Hort, Vlastimil"]
[Result "1/2-1/2"]
[WhiteElo "2625"]
[BlackElo "2545"]
[EventDate "1986.01.17"]
[PlyCount "45"]

1. e4 e5 2. Nf3 Nc6 3. Bb5 a6 4. Ba4 Nf6 5. O-O Nxe4 6. d4 b5 7. Bb3 d5 8. dxe5 Be6 9. Nbd2 Nc5 10. c3 d4 11. Bxe6 Nxe6 12. cxd4 Ncxd4 13. Ne4 Be7 14. Be3 Nf5 15. Qc2 O-O 16. Rad1 Nxe3 17. fxe3 Qc8 18. Rd3 c5 19. Nd6 Qb8 20. Rfd1 Ra7 21. Rd5 Qa8 22. a4 Rd8 23. Qf5 1/2-1/2

[Event "48th Hoogovens it"]
[Site "Wijk aan Zee NED"]
[Date "1986.01.24"]
[Round "6"]
[White "Sosonko, Gennadi"]
[Black "Nikolic, Predrag"]
[Result "1-0"]
[WhiteElo "2525"]
[BlackElo "2565"]
[EventDate "1986.01.17"]
[PlyCount "79"]

1. d4 d5 2. Nf3 e6 3. g3 c5 4. Bg2 Nc6 5. O-O cxd4 6. Nxd4 Qb6 7. Nb3 Nf6 8. Be3 Qc7 9. N1d2 Be7 10. c4 O-O 11. cxd5 Nxd5 12. Bc5 Rd8 13. Bxe7 Qxe7 14. Qc2 e5 15. Rfd1 Bg4 16. Qc4 Be6 17. Qc5 Qc7 18. Rac1 Rac8 19. Qb5 Qe7 20. a3 a6 21. Qa4 Nb6 22. Qe4 g6 23. Qe3 Na4 24. Bxc6 bxc6 25. Qxe5 Qd6 26. Qf6 Rb8 27. Nf1 Qxd1 28. Rxd1 Rxd1 29. Nbd2 Bh3 30. Qh4 Bxf1 31. Nxf1 Nxb2 32. Kg2 c5 33. Ne3 Rd6 34. Qe7 Re6 35. Qxc5 Na4 36. Qd4 Nb6 37. Ng4 h5 38. Nh6+ Kh7 39. Nxf7 Re7 40. Ng5+ 1-0

[Event "48th Hoogovens it"]
[Site "Wijk aan Zee NED"]
[Date "1986.01.25"]
[Round "7"]
[White "Van der Wiel, John"]
[Black "Short, Nigel David"]
[Result "1/2-1/2"]
[WhiteElo "2555"]
[BlackElo "2585"]
[EventDate "1986.01.17"]
[PlyCount "64"]

1. e4 e6 2. d4 d5 3. Nd2 c5 4. Ngf3 Nc6 5. exd5 exd5 6. Bb5 Bd6 7. dxc5 Bxc5 8. O-O Nge7 9. Nb3 Bd6 10. Re1 O-O 11. Bg5 Bg4 12. Be2 h6 13. Bxe7 Bxe7 14. h3 Bf5 15. Bd3 Qd7 16. c3 Rfe8 17. Qc2 Be6 18. Re3 Qd6 19. Bh7+ Kh8 20. Bf5 Bf6 21. Rae1 Re7 22. Bxe6 Rxe6 23. Qd3 Rae8 24. g3 b6 25. Kg2 Kg8 26. Nbd4 Bxd4 27. Nxd4 Rxe3 28. Rxe3 Rxe3 29. Qxe3 Nxd4 30. cxd4 Qd7 31. b3 f6 32. g4 Kf7 1/2-1/2

[Event "48th Hoogovens it"]
[Site "Wijk aan Zee NED"]
[Date "1986.01.29"]
[Round "10"]
[White "Hellers, Ferdinand"]
[Black "Seirawan, Yasser"]
[Result "1/2-1/2"]
[WhiteElo "2435"]
[BlackElo "2605"]
[EventDate "1986.01.17"]
[PlyCount "122"]

1. e4 d6 2. d4 Nf6 3. Nc3 g6 4. f4 Bg7 5. Nf3 c5 6. Bb5+ Bd7 7. e5 Ng4 8. e6 Bxb5 9. exf7+ Kd7 10. Nxb5 Qa5+ 11. Nc3 cxd4 12. Nxd4 h5 13. h3 Nc6 14. Nde2 Nh6 15. Be3 Nf5 16. Bf2 Raf8 17. O-O Bxc3 18. Nxc3 Rxf7 19. Qd3 Rhf8 20. Rae1 Qa6 21. Qe4 Nd8 22. Nd5 b6 23. c4 Qb7 24. Qd3 Rg8 25. Bd4 Kc8 26. Bc3 h4 27. b4 Qc6 28. b5 Qd7 29. a4 Nb7 30. Ra1 g5 31. a5 bxa5 32. Bxa5 gxf4 33. Nb6+ axb6 34. Bxb6 Na5 35. Qd5 Qb7 36. Rf2 Qxd5 37. cxd5 Kb7 38. Bxa5 Ne3 39. Bc3 Nxd5 40. Bd4 Ra8 41. Rxa8 Kxa8 42. Rd2 e6 43. Bf2 Rh7 44. Ra2+ Kb8 45. Ra6 Rd7 46. Bxh4 e5 47. Bf2 Nb4 48. Ra3 d5 49. Bc5 Nc2 50. Rc3 Ne1 51. Kf2 d4 52. Rc4 Nd3+ 53. Kf3 Kb7 54. Ke4 Nb2 55. Rc2 Na4 56. Bb4 d3 57. Rd2 Rd4+ 58. Kxe5 Rxb4 59. Rxd3 Nc5 60. Rf3 Kb6 61. h4 Rb2 1/2-1/2